000
00205 a2200097 4500
001
1035
100
_a
Combe,R.A.
245
_a
Magnetohydrodynamic generation
260
_a
_b
Chapman
_c
090
_c
602
_d
602
942
_a
NUST-CAE
_c
M
_c
32512
999
_c
236108
_d
236108